Spokane International Airport Destinations (Spokane, WA, USA) - Statistics

General Stats
  • This quiz has been taken 108 times
    45 since last reset
  • The average score is 18 of 20
Answer Stats
Airline Destination % Correct
Frontier Airlines/Southwest Airlines/United Airlines/United Express Denver
97%
Alaska Airlines/Allegiant Air/Delta Connection Los Angeles
97%
Alaska Airlines/Delta Air Lines/Delta Connection Seattle/Tacoma
97%
American Airlines Dallas/Fort Worth
94%
Southwest Airlines Dallas (Love)
94%
Allegiant Air/Southwest Airlines Las Vegas
94%
Alaska Airlines Portland (OR)
94%
Delta Air Lines/Delta Connection Salt Lake City
94%
Alaska Airlines/United Express San Francisco
94%
Southwest Airlines Chicago (Midway)
91%
American Airlines/United Airlines/United Express Chicago (O'Hare)
91%
Alaska Airlines Boise
89%
Allegiant Air Phoenix/Mesa
89%
Alaska Airlines
San Diego
89%
Delta Air Lines Atlanta
86%
American Airlines/Southwest Airlines Phoenix (Sky Harbor)
86%
Southwest Airlines Sacramento
83%
Southwest Airlines San Jose (CA)
77%
Delta Air Lines/Sun Country Airlines Minneapolis/St. Paul
74%
Southwest Airlines Oakland
69%
No matching quizzes found
Score Distribution
Percent of People with Each Score
Percentile by Number Answered
Your Score History
You have not taken this quiz since the last reset